| 000 | 01787nam0a2200349 4500 | ||
|---|---|---|---|
| 001 | RU\NLR\bibl\1364663 | ||
| 005 | 20260409080826.0 | ||
| 010 | _a978-5-91002-027-0 | ||
| 021 |
_aRU _b2009-868и _949и |
||
| 035 | _a(NLR Aleph) 001356820 | ||
| 090 |
_a955985 _c955985 |
||
| 100 | _a20090505d2009 |||y0rusy50 ca | ||
| 101 | 0 | _arus | |
| 102 | _aRU | ||
| 105 | _aa ||||||||| | ||
| 200 | 1 |
_aФотопроект Мастер и Маргарита _eиллюстрации к роману Михаила Булгакова _fфот. Жан-Даниэль Лорье |
|
| 210 |
_aМосква _cКниги WAM _d2009 |
||
| 215 |
_a168 с. _cил., цв. ил., портр. в футляре _d15х29 |
||
| 300 | _aВ конце кн. авт.: Ж.-Д. Лорье, известный фр. фот. моды | ||
| 300 | _aНа обл. авт. не указан | ||
| 500 |
_aМастер и Маргарита _92631756 _3RU\NLR\auth\559755 |
||
| 600 | 1 |
_aЛорье _bЖ.Д. _gЖан Даниэль _92569099 _3RU\NLR\auth\661519319 |
|
| 604 |
_1700#1$aБулгаков$gМихаил Афанасьевич$bМ. А.$f1891 - 1940 _150010$a"Мастер и Маргарита"$xИллюстрации$2nlr_sh2$3RU\NLR\AUTH\66171433 _3RU\NLR\AUTH\66171433 _aБулгаков, Михаил Афанасьевич (1891 - 1940) _t"Мастер и Маргарита" _xИллюстрации _91207885 |
||
| 686 | _aШ5(2=Р)7-4Булгаков | ||
| 686 | _aЩ163(4Фр)6-8Лорье | ||
| 700 | 1 |
_aЛорье _bЖ. -Д. _gЖан-Даниэль _4070 |
|
| 702 | 1 |
_7ca _8rus _aБулгаков _bМ. А. _f1891-1940 _gМихаил Афанасьевич _9113525 _3RU\NLR\auth\773529 |
|
| 801 | 0 |
_aRU _bNLR _c20090505 _gRCR |
|
| 801 | 1 |
_aRU _bNLR _c20090505 |
|
| 942 | _cBOOK | ||
| 980 | _aNB | ||